| 000 | 02109nam0a2200397 4500 | ||
|---|---|---|---|
| 001 | RU\NLR\bibl\29724 | ||
| 005 | 20260406132741.0 | ||
| 010 | _a5-7390-0346-6 (общ.) | ||
| 010 | _a5-237-00136-X (АСТ) | ||
| 010 |
_a5-7390-0477-2 (Олимп) _95000 |
||
| 021 |
_aRU _b98-39022 _91869 |
||
| 035 | _a(NLR Aleph) 000028943 | ||
| 090 |
_a142934 _c142934 |
||
| 100 | _a19990526d1998 |||y0rusy50 ca | ||
| 101 | 1 |
_arus _ceng |
|
| 102 | _aRU | ||
| 105 | _a||||||||||||| | ||
| 200 | 1 |
_aПьесы. Сонеты _e[Пер.] _fУ. Шекспир _g[Предисл., коммент., справ.-метод. материалы И.О. Шайтанова] |
|
| 210 |
_aМ. _cОлимп _aНазрань _cАСТ _d1998 |
||
| 215 |
_a747 с. _d20 |
||
| 225 | 1 |
_aШкола классики _eШК _eКнига для ученика и учителя |
|
| 300 | _aНа тит. л. и обл. загл. сер.: Кн. для ученика и учителя | ||
| 320 | _aБиблиогр.: с. 742-746 и в подстроч. примеч. | ||
| 327 | 1 |
_aСодерж.: Ричард III; Сон в летнюю ночь; Ромео и Джульетта; Гамлет; Сонеты _aВ кн. также: Летопись жизни и творчества У. Шекспира. Источники сюжетов. Критика об У. Шекспире. У. Шекспир в искусстве. Темы для сочинений и реф. Тезис. планы сочинений |
|
| 600 | 1 |
_aШекспир _bВ. _f1564 - 1616 _gВильям _xИзучение в школе _92089781 _3RU\NLR\auth\661264982 |
|
| 600 | 1 |
_aШекспир _bУ. _f1564 - 1616 _gУильям _xИзучение в школе _92328933 _3RU\NLR\auth\661392812 |
|
| 686 | _aШ9(4Вл)62-5 | ||
| 686 | _aЧ426.21,6(2)33английская | ||
| 700 | 1 |
_4070 _8rus _7ca _aШекспир _bУ. _f1564-1616 _gУильям _3RU\NLR\auth\771995 _9112012 |
|
| 801 | 0 |
_aRU _bNLR _c19990526 _gPSBO |
|
| 801 | 1 |
_aRU _bNLR _c19990526 |
|
| 852 |
_aNLR _j99-3/4275 |
||
| 942 | _cBOOK | ||
| 980 | _aNB | ||